|
|
|
|
| LEADER |
00675nta a2200181 i 4500 |
| 001 |
dokt3411 |
| 005 |
20240903112555.0 |
| 008 |
170110s1974 hu om 000 hun d |
| 040 |
|
|
|a SZTE Doktori Repozitórium
|b hun
|
| 041 |
|
|
|a hun
|
| 100 |
1 |
|
|a Benkő Judit
|
| 245 |
1 |
3 |
|a Az Egyesült Államok ideológiai behatolása Latin-Amerikában, hatása a kubai forradalom ideológiai fejlődésére
|h [elektronikus dokumentum] /
|c Benkő Judit
|
| 260 |
|
|
|c 1974
|
| 502 |
|
|
|a Disszertacio
|
| 650 |
|
4 |
|a történelemtudományok
|
| 650 |
|
4 |
|a Történettudomány
|
| 700 |
0 |
1 |
|a Nincs megadva
|e ths
|
| 856 |
4 |
0 |
|u https://doktori.bibl.u-szeged.hu/id/eprint/3411/1/1974_benko_judit.pdf
|z Dokumentum-elérés
|